| 000 | 01675nam a22002417a 4500 | ||
|---|---|---|---|
| 001 | 6921 | ||
| 003 | FISKH | ||
| 005 | 20250606161219.0 | ||
| 008 | 250606b cb ||||| |||| 00| 0 eng d | ||
| 020 | _a9789995000998 | ||
| 040 |
_aFISKH _bkhr _cFISKH _dFISKH |
||
| 082 | _a370 | ||
| 100 | _aThy, Yin | ||
| 245 |
_aអក្សរសាស្រ្តខ្មែរ ថ្នាក់ទី ១១ / _cលោក យិនធី ,លោកស្រី ប៊ី គឺមសែន ,លោក យ៉ង់ កំស៊ាន, លោក ព្រៃ សំបូរ, លោក គូយ សូគាន និង លោកស្រី ម៉ៅ តាន់ណារី |
||
| 250 | _aបោះពុម្ពឆ្នាំ២០២២ | ||
| 260 |
_aភ្នំពេញ : _bគ្រឺះស្ថានបោះពុម្ពនិងចែកផ្សាយ , _c២០២២. |
||
| 300 |
_a268 pages : _billustrations ; _c25 cm . |
||
| 520 | _aសៀវភៅអក្សរសាស្ត្រខ្មែរ ថ្នាក់ទី ១១ ត្រូវបានរៀបចំឡើងសម្រាប់សិស្សថ្នាក់ទី ១១ ដើម្បីអភិវឌ្ឍចំណេះដឹង និងជំនាញក្នុងការសិក្សាអក្សរសិល្ប៍ខ្មែរ និងអក្សរសិល្ប៍បរទេស។ | ||
| 520 | _aThe Grade 11 Khmer Literature textbook is designed for 11th-grade students to develop knowledge and skills in studying Khmer literature and foreign literature." | ||
| 700 |
_aTongbotta, Seng _eIllustrator |
||
| 942 |
_2ddc _cKHB _n0 |
||
| 999 |
_c6921 _d6921 |
||